01451nkm a2200337 i 45000010005000000030009000050050017000140070006000310080041000371000024000782450071001022600029001733000039002024900031002415000035002725110146003075180188004536000033006416000027006746000016007016000020007176000034007376000042007716000026008136100064008397100022009037100038009258300031009638520026009948560093010203447ES-MaACL20250811062528.0khrbo051031s1985 sp --- g |001||spa d0 aAlfonso,d1902-199013aEl flamenco de los flamencos [hFotografía] / cAlfonso (sello). a[S.l. : bs.n.], c1985. a5 fot. : bb. y n. ; c12 x 18 cm.1 aJornadas de cante flamenco aDatos basados en invitación.0 aIntervienen: Félix Grande, José Delgado Olmos, Paco Lira, Luis Agujetas, José Monleón, Agustín García Calvo, Francisco Almazán. aActo organizado por el Ateneo de Madrid en colaboración con el Ministerio de Cultura, celebrado en el salón de la cacharrería el miércoles, 17 de abril de 1984, a las 20:00 h.14aGrande, Félix, d1937-201414aDelgado Olmos, José.14aLira, Paco.14aAgujetas, Luis.14aMonleón, José,d1927-201614aGarcía Calvo, Agustín,d1926-201214aAlmazán, Francisco.24aAteneo de Madrid-xActos culturales-y1985-vFotografías.2 aAteneo de Madrid.1 aEspaña. bMinisterio de Cultura0 aJornadas de cante flamenco aES-MaACLjFOT 11/19854 uhttp://www.ateneodemadrid.net/biblioteca_digital/imagenes/1985/0011-1985.jpgzVer imagen